000 00425nam a2200181Ia 4500
001 15243
005 20260306165013.0
008 260306t2012||||xx |||||||||||||| ||spa||
041 _aESP
082 _a531
_bH43
100 _aHernández Álvaro, Juan
_eAUT
245 0 _aFundamentos de física Mecánica
260 _c2012
300 _a363páginas :
_c
650 _aGEN
654 _aCCN
942 _cLIB
_dJUS
_fJUS
_2ddc
_n
999 _c15243
_d15243